| 000 | 00943nam a22002897a 4500 | ||
|---|---|---|---|
| 003 | EG-ScBUE | ||
| 005 | 20220201102451.0 | ||
| 008 | 220201s2021 ua f 000 j ara d | ||
| 017 | _a2021/11134 | ||
| 020 | _a9789770936931 | ||
| 040 |
_aEG-ScBUE _bara _erda _cEG-ScBUE _dEG-ScBUE |
||
| 082 | 0 | 4 |
_222 _a892.736 _bم خ ز |
| 100 | 1 |
_aالمخزنجي، محمد، _eمؤلف. |
|
| 245 | 1 | 0 |
_aرق الحبيب / _cمحمد المخزنجي. |
| 246 | 3 | 4 |
_aرق الحبيب : _bقصص |
| 250 | _aالطبعة الثانية. | ||
| 264 | 1 |
_aالقاهرة : _bدار الشروق، _c2021. |
|
| 300 |
_a168 صفحة ؛ _c24 سم |
||
| 336 |
_2rdacontent _aنص _btxt |
||
| 337 |
_2rdamedia _aبدون وسيط _bn |
||
| 338 |
_2rdacarrier _aمجلد _bnc |
||
| 541 | _aBook Fair 2022. | ||
| 650 | 7 |
_aالقصص العربية القصيرة _zمصر _yقرن 21. _2BUEsh |
|
| 653 | _bARALIT | ||
| 655 |
_vReading book _934232 |
||
| 942 | _2ddc | ||
| 999 |
_c29759 _d29730 |
||